Tile Select - Band Members - Statistics

General Stats
  • This quiz has been taken 22 times
  • The average score is 75 of 90
Answer Stats
Question Tile Select % Correct
The Beatles Billy Preston No
100%
U2 Bono Yes
100%
The Beatles Buddy Holly No
100%
U2 Ed Sheeran No
100%
Nirvana Flea No
100%
The Jackson 5 Jackson Pollock No
100%
The Beatles James Brown No
100%
The Beatles John Lennon Yes
100%
The Beatles Keith Moon No
100%
Nirvana Kurt Cobain Yes
100%
The Jackson 5 Michael Jackson Yes
100%
The Beatles Paul McCartney Yes
100%
The Beatles Phil Collins No
100%
The Beatles Ringo Starr Yes
100%
Fleetwood Mac Roger Daltrey No
100%
Fleetwood Mac Steven Tyler No
100%
U2 Brian Jones No
95%
U2 Chris Martin No
95%
The Rolling Stones Dave Grohl No
95%
Nirvana Dave Grohl Yes
95%
The Rolling Stones Dolly Parton No
95%
Van Halen Eddie Van Halen Yes
95%
The Rolling Stones Freddie Mercury No
95%
The Beatles George Harrison Yes
95%
Fleetwood Mac Mick Fleetwood Yes
95%
The Rolling Stones Mick Jagger Yes
95%
Fleetwood Mac Pete Townshend No
95%
U2 Sting No
95%
The Jackson 5 Alan Jackson No
91%
Nirvana Billy Corgan No
91%
Van Halen David Coverdale No
91%
Beach Boys Dennis Wilson Yes
91%
Nirvana Eddie Veddier No
91%
The Jackson 5 Jermaine Jackson Yes
91%
Beach Boys Jimmy Page No
91%
Van Halen Joe Elliott No
91%
The Rolling Stones John Bonham No
91%
The Rolling Stones Keith Richards Yes
91%
Mötley Crüe Ozzy Osbourne No
91%
Van Halen Rick Nielsen No
91%
The Rolling Stones Toby Keith No
91%
Nirvana Tom Morello No
91%
Beach Boys Barry Gibb No
86%
The Grateful Dead Bob Dylan No
86%
Van Halen Bret Michaels No
86%
Beach Boys Brian Wilson Yes
86%
Nirvana Chris Cornell No
86%
The Grateful Dead Chuck Berry No
86%
Mötley Crüe Gene Simmons No
86%
Beach Boys John Stamos No
86%
The Jackson 5 Marlon Jackson Yes
86%
The Rolling Stones Ronnie Wood Yes
86%
Fleetwood Mac Stevie Nicks Yes
86%
Van Halen Alex Van Halen Yes
82%
Mötley Crüe Angus Young No
82%
The Rolling Stones Charlie Watts Yes
82%
Fleetwood Mac Christine McVie Yes
82%
Van Halen David Lee Roth Yes
82%
The Jackson 5 Janet Jackson No
82%
The Grateful Dead Jimmy Buffett No
82%
U2 John Fogerty No
82%
Fleetwood Mac Lindsey Buckingham Yes
82%
Mötley Crüe Slash No
82%
U2 The Edge Yes
82%
The Jackson 5 Tito Jackson Yes
82%
Beach Boys Benny Andersson No
77%
Beach Boys Carl Wilson Yes
77%
The Jackson 5 Steven Jackson No
77%
The Grateful Dead Dave Matthews No
73%
Nirvana Krist Novoselic Yes
73%
Mötley Crüe Tommy Lee Yes
73%
Mötley Crüe Vince Neil Yes
73%
U2 Adam Clayton Yes
68%
The Grateful Dead Bob Weir Yes
68%
The Grateful Dead Jerry Garcia Yes
68%
Fleetwood Mac John McVie Yes
68%
Mötley Crüe Mick Mars Yes
68%
Mötley Crüe Rick Savage No
68%
Fleetwood Mac Tommy Fleetwood No
68%
U2 Larry Mullen Jr. Yes
64%
The Grateful Dead Mickey Hart Yes
64%
Beach Boys Mike Love Yes
64%
Mötley Crüe Nikki Sixx Yes
64%
Van Halen Sammy Hagar Yes
64%
The Jackson 5 Jackie Jackson Yes
50%
The Grateful Dead Phil Lesh Yes
50%
Van Halen Michael Anthony Yes
41%
Beach Boys Bruce Johnston Yes
36%
The Grateful Dead Pigpen Yes
18%
Nirvana Chad Channing Yes
5%
No matching quizzes found
Score Distribution
Percent of People with Each Score
Percentile by Number Answered
Your Score History
You have not taken this quiz